| 000 | 00596nam a2200193 i 4500 | ||
|---|---|---|---|
| 001 | 77664 | ||
| 003 | ES-MaACL | ||
| 005 | 20230906173328.0 | ||
| 007 | t| | ||
| 008 | 041029s2000 pr ||||1| spa d | ||
| 020 | _a0-8477-0108-5 | ||
| 080 | _a616.9-022.6 | ||
| 100 | 1 |
_aRomán-Toro, Jeseé. _999234 |
|
| 245 | 1 | 0 |
_aDe vuelta a casa / _cJessé Román-Toro. |
| 260 |
_aSan Juan de Puerto Rico : _bUniversidad de Puerto Rico, _c2000. |
||
| 300 |
_a112 p. ; _c23 cm. |
||
| 650 | 1 | 4 |
_aSIDA- _xAspectos sociales. _917088 |
| 852 |
_aES-MaACL _jE-10199 _bR.134424 |
||
| 999 |
_c77664 _d77664 |
||